书目信息 |
| 题名: |
欧洲近代生活
|
|
| 作者: | 范迪尔门 著 ;王亚平 译 | |
| 分册: | 宗教、巫术、启蒙运动 | |
| 出版信息: | 北京 东方出版社 2005 |
|
| 页数: | 396页 | |
| 开本: | 21cm | |
| 丛书名: | ||
| 单 册: | ||
| 中图分类: | K504 , B979.5 | |
| 科图分类: | ||
| 主题词: | 文化史--欧洲--近代 , 宗教改革运动--研究--欧洲--近代 , 启蒙运动--研究--欧洲--近代 , 文化史 , 宗教改革运动 , 启蒙运动 | |
| 电子资源: | ||
| ISBN: | 7-5060-2203-6 | |
| 000 | 01294nam0 2200325 450 | |
| 001 | 1234939360 | |
| 005 | 20121007094255.20 | |
| 010 | @a7-5060-2203-6@dCNY29.00 | |
| 100 | @a20050119d2005 em y0chiy50 ea | |
| 101 | 1 | @achi@cger |
| 102 | @aCN@b110000 | |
| 105 | @aa z 001yy | |
| 200 | 1 | @a欧洲近代生活@Aou zhou jin dai sheng huo@i宗教、巫术、启蒙运动@dKultur und Alltag in der Fruhen Neuzeit@iReligion, Magie, Aufklarung@f(德)里夏德·范迪尔门(Richard van Dulmen)著@g王亚平译@zger |
| 210 | @a北京@c东方出版社@d2005 | |
| 215 | @a396页@c图@d21cm | |
| 305 | @a本书据德国慕尼黑C. H. 贝克出版社1999年版译出,中文版经该出版社授权 | |
| 330 | @a本书研究宗教改革这场伟大的宗教运动、巫术、迷信和18世纪启蒙运动这个巨大的精神转型的过程。探索宗教改革和启蒙运动如何影响人们的生活。 | |
| 510 | 1 | @aKultur und Alltag in der Fruhen Neuzeit@iReligion, Magie, Aufklarung@zger |
| 606 | 0 | @a文化史@y欧洲@z近代 |
| 606 | 0 | @a宗教改革运动@x研究@y欧洲@z近代 |
| 606 | 0 | @a启蒙运动@x研究@y欧洲@z近代 |
| 606 | 0 | @a文化史 |
| 606 | 0 | @a宗教改革运动 |
| 606 | 0 | @a启蒙运动 |
| 690 | @aK504@v4 | |
| 690 | @aB979.5@v4 | |
| 701 | 0 | @c(德)@a范迪尔门@Afan di er men@c(Dulmen, Richard van)@4著 |
| 702 | 0 | @a王亚平@Awang ya ping@c(翻译)@4译 |
| 801 | 0 | @aCN@bNLC@c20101222 |
| 905 | @a10447@dK504@eJY36 | |
| 欧洲近代生活.宗教、巫术、启蒙运动=Kultur und Alltag in der Fruhen Neuzeit.Religion, Magie, Aufklarung/(德)里夏德·范迪尔门(Richard van Dulmen)著/王亚平译.-北京:东方出版社,2005 |
| 396页:图;21cm |
| ISBN 7-5060-2203-6:CNY29.00 |
| 本书研究宗教改革这场伟大的宗教运动、巫术、迷信和18世纪启蒙运动这个巨大的精神转型的过程。探索宗教改革和启蒙运动如何影响人们的生活。 |
| ● |
| 相关链接 |
|
|
|
|
正题名:欧洲近代生活
索取号:K504/JY36
 
预约/预借
| 序号 | 登录号 | 条形码 | 馆藏地/架位号 | 状态 | 备注 |
| 1 | 7832295 | 278322959 | 学院路分馆/ [索取号:K504/JY36] | 在馆 |